000
00318nam a2200121Ia 4500
008
180117s9999 xx 000 0 und d
100
_a
by Beth Day Romulo
245
_a
Another Day
260
_c
2017
300
_a
22-24 pages, 2017 January 22
440
_a
Philippine Panorama
650
_a
SUGAR IS REALLY BAD FOR US
999
_c
353638
_d
353638